000 00365nab a22001097u 4500
008 130520b1975 xxu||||| |||| 00| 0 eng d
041 _aeng
100 1 _aCooke, Vincent M.
_950943
245 0 0 _aHans Küng on Propositions and Their Problematic: A Critique
_cVincent M. Cooke
773 0 _tThe Thomist
_gV.39, nº4,1975,págs. 753-765
_x0040-6325
_wRev477
942 _cAR
999 _c304827
_d304827